Регионална библиотека "Любен Каравелов" - Русе

Нови дни (Запис номер 160556)

MARC детайли
000 -Лидер
Контролно поле с фиксирана дължина 02485nam a2200337 c 4500
003 - Код на организацията, давaща контролен номер
Контролно поле BLK
005 - Дата и час на последна редакция
Контролно поле 20240425083556.0
008 - Елементи от данни с фиксирана дължина
fixed length control field 180410b bul|||||r ||||||| ||bul||
010 ## - Наследен системен номер
LC control number KNG00167782000
040 ## - Източник на каталожния запис
Идентификатор на билиотеката - собственик на записа BLK
041 ## - Код за език
Код за езика на текст/звукозапис или на отделно заглавие Български
Код за езика КДБФ Български
072 #7 - Код за тематичната категория
Код организация bullib
Код за тематична категория К
Текст Краезнание
080 ## - УДК
Текстов определител УДК Българска литература
УДК код - определител по УДК 821.163.2
УДК определител -32
УДК - код + определител 821.163.2-32
100 ## - Редна дума - Автор
Автор Немиров, Добри
Дати, свързани с автора 03.02.1882 – 30.09.1945
Автор - информация (биография) Добри Немиров е псевдоним на Добри Зарафов – български писател, председател на Съюза на българските писатели в периода 1937 – 1940 г. Поради липса на средства се самообразова, работи като дребен чиновник, библиотекар в БКД и в Министерството на благоустройството. За пръв път Немиров печата разкази през 1902 г. Сътрудничи на списанията „Учителска мисъл“, „Народен живот“, Демократически преглед“, „Хиперион“ и др. Автор е на повестите „Роб“, „Дялба“, „Бедния Лука“; романите „Братя“, „Кошмар“, „Другият“, „Ангелогласният“, „Първи бразди“, „Дело № 9“; разказите за деца „Когато бях малък“ и др. Пише пътеписи, рецензии и отзиви за художествени изложби, филми, театрални постановки и драма.
Пълна форма на името Зафиров, Добри Харалампиев
R(LIN) 251710
139 ## - Редно поле
Редна дума Немиров, Добри
Авторски знак Нем - Н 53
245 10 - Сведения за заглавието
Заглавие Нови дни
Подзаглавни данни Разкази из войната
Редно поле (дума) Добри Немиров; * Добри Харалампиев Зарафов.
257 ## - Страна на издаване
Страна на създаване/издаване България
260 ## - Област на издателските данни
Място на издаване, разпространение и проч. София
Година на издаване 1916
Печатница София : печ. Воен. журнал
300 ## - Физическа характеристика
Страници 85 с.
Размери/Мащаб 21 см
380 ## - Жанр
Жанр Худож. лит.
700 1# - Други автори (авторска отговорност)
Лично име Зарафов, Добри Харалампиев
9 (RLIN) 327360
852 ## - Местоположение
Форматна сигнатура Цб 45934
Фондова буква Хранилище
852 ## - Местоположение
Форматна сигнатура К 821.163.2/Н 53 Д
856 4# - Електронен адрес и достъп
Електронен формат pdf - файл
856 4# - Електронен адрес и достъп
Електронен формат pdf - файл
999 ## - СИСТЕМНИ КОНТРОЛНИ НОМЕРА
Koha biblionumber 160556
Koha biblioitemnumber 160556
942 ## - АРТИКУЛИ
Вид на библиотечния материал Книги
Скрит в OPAC Не
Периодичен библиозапис Да
944 ## - СЪЗДАВАНЕ И РЕДАКЦИЯ на ЗАПИСА
Създаване/Редакция Създаване
Дата на регистрацията/редакция 27.11.2014
Статус, дата на статуса Нора Радева
Служител, извършил регистрацията/редакцията 30545
944 ## - СЪЗДАВАНЕ И РЕДАКЦИЯ на ЗАПИСА
Създаване/Редакция Редакция
Дата на регистрацията/редакция 2022-06-14
Статус, дата на статуса 2022-06-14
Служител, извършил регистрацията/редакцията СТ
999 ## - СИСТЕМНИ КОНТРОЛНИ НОМЕРА
Koha biblioitemnumber 160556
999 ## - СИСТЕМНИ КОНТРОЛНИ НОМЕРА
Koha biblioitemnumber 160556
Наличности
Код за отписване Код за изгубен артикул Източник на класификационната схема Код за повреда Коз за рестрикции Код за отдаване Артикулен № Име на библиотеката - собственик Име на библиотеката, в която се намира в момента Статус (Текущо местоположение) Дата на вписване в системата Местоположение - отдел Цена в лева Инвентарен номер Систематично азбучна сигнатура Баркод Номер на екземпляра Цена в евро Служебна бележка Служебен тип на артикула
  Не е изгубен Universal Decimal Classification Не е повреден без рестрикции ползва се в читалня 268418 Регионална библиотека "Любен Каравелов" Русе Регионална библиотека "Любен Каравелов" Русе Хранилище 1916-01-01 Основен фонд - ползва се само за читалня 0.04 569308 Цб 45934 120000569308 1 0.02 Вид: Сф Дата: 01.01.1916 Книги
  Не е изгубен Universal Decimal Classification Не е повреден без рестрикции ползва се в читалня 268419 Регионална библиотека "Любен Каравелов" Русе Регионална библиотека "Любен Каравелов" Русе Краезнание 1916-01-01 Краезнание 0.20 18585/68 К 821.163.2/Н 53 Д 900000003411 2 0.10 Вид: Сф Дата: 01.01.1916 Дата инв: 07.11.2017 Бележки инв: К2017 Книги
Vip Innovations Ltd, Rousse, Bulgaria 2025